Statystyki dla Największe miasta nad Wisłą

Kliknij tutaj aby rozwiązać quiz!

Ogólne statystyki

  • Ten quiz został rozwiązany 307 razy
  • Średni wynik to 8 z 15

Statystyki odpowiedzi

HintOdpowiedź% Poprawnych
1 777 972Warszawa
99%
774 839Kraków
96%
466 631Gdańsk
94%
201 798Toruń
86%
350 178Bydgoszcz
84%
119 709Płock
75%
110 287Włocławek
60%
94 732Grudziądz
51%
60 257Tczew
39%
48 114Puławy
38%
46 907Tarnobrzeg
31%
38 678Oświęcim
20%
54 172Legionowo
19%
44 873Otwock
18%
28 660Nowy dwór Mazowiecki
14%

Rozkład punktacji

Percentyl według liczby udzielonych odpowiedzi

Procent ludzi z każdym wynikiem

Twoja historia wyników

Nie rozwiązałeś tego quizu